<?xml version="1.0" encoding="UTF-8"?><?xml-stylesheet type="text/xsl" href="static/style.xsl"?><OAI-PMH xmlns="http://www.openarchives.org/OAI/2.0/" xmlns:xsi="http://www.w3.org/2001/XMLSchema-instance" xsi:schemaLocation="http://www.openarchives.org/OAI/2.0/ http://www.openarchives.org/OAI/2.0/OAI-PMH.xsd"><responseDate>2026-04-19T06:30:59Z</responseDate><request verb="GetRecord" identifier="oai:riubu.ubu.es:10259/6308" metadataPrefix="marc">https://riubu.ubu.es/oai/request</request><GetRecord><record><header><identifier>oai:riubu.ubu.es:10259/6308</identifier><datestamp>2021-12-31T01:00:24Z</datestamp><setSpec>com_10259.4_103</setSpec><setSpec>com_10259.4_1</setSpec><setSpec>com_10259_2604</setSpec><setSpec>col_10259_6305</setSpec></header><metadata><record xmlns="http://www.loc.gov/MARC21/slim" xmlns:doc="http://www.lyncode.com/xoai" xmlns:xsi="http://www.w3.org/2001/XMLSchema-instance" xmlns:dcterms="http://purl.org/dc/terms/" xsi:schemaLocation="http://www.loc.gov/MARC21/slim http://www.loc.gov/standards/marcxml/schema/MARC21slim.xsd">
<leader>00925njm 22002777a 4500</leader>
<datafield tag="042" ind1=" " ind2=" ">
<subfield code="a">dc</subfield>
</datafield>
<datafield tag="720" ind1=" " ind2=" ">
<subfield code="a">Alonso Fernández, Carmen</subfield>
<subfield code="e">author</subfield>
</datafield>
<datafield tag="720" ind1=" " ind2=" ">
<subfield code="a">Jimenez Echevarría, Javier</subfield>
<subfield code="e">author</subfield>
</datafield>
<datafield tag="260" ind1=" " ind2=" ">
<subfield code="c">2016</subfield>
</datafield>
<datafield tag="520" ind1=" " ind2=" ">
<subfield code="a">La conversión del ala occidental de la Facultad de Teología de Burgos en el nuevo Archivo Diocesano ha aparejado un conjunto&#xd;
de intervenciones arqueológicas en su subsuelo. En su conjunto&#xd;
nos acercan a la realidad de este sector intramuros del recinto&#xd;
medieval burgalés en el entorno del barrio histórico de Santa Águeda.&#xd;
Si la muralla, la esgueva de Cerrajería y distintas edificaciones&#xd;
son elementos del paisaje soterrado de este enclave desde al menos&#xd;
el siglo XIV, no menos interesantes resultan las soluciones constructivas&#xd;
del inmueble decimonónico vistas también desde una perspectiva&#xd;
arquitectónica. Una vez más se constata cómo los cursos históricos&#xd;
de agua han condicionado decisivamente el urbanismo burgalés&#xd;
y los usos del espacio, permaneciendo muy presentes en la topografía&#xd;
urbana actual.</subfield>
</datafield>
<datafield tag="520" ind1=" " ind2=" ">
<subfield code="a">The conversion of the western wing of the Facultad de&#xd;
Teología de Burgos in the new Archivo Diocesano has needed a group&#xd;
of archaeological interventions in his subsoil. All of them bring us&#xd;
over to the reality of this sector within the walls of the medieval&#xd;
enclosure of Burgos, in the environment of the historical quarter of&#xd;
Saint Águeda. If the wall, the channel of Cerrajería and other buildings are elements of the landscape buried from at least the 14th century, not less interesting are the constructive solutions of the&#xd;
19th century building from an architectural perspective. Again historical&#xd;
streams have determined decisively urbanism of Burgos and&#xd;
use of space, visible in urban topography.</subfield>
</datafield>
<datafield tag="024" ind2=" " ind1="8">
<subfield code="a">0211-8998</subfield>
</datafield>
<datafield tag="024" ind2=" " ind1="8">
<subfield code="a">http://hdl.handle.net/10259/6308</subfield>
</datafield>
<datafield ind1=" " ind2=" " tag="653">
<subfield code="a">Esgueva de Cerrajería</subfield>
</datafield>
<datafield ind1=" " ind2=" " tag="653">
<subfield code="a">Bajomedieval</subfield>
</datafield>
<datafield ind1=" " ind2=" " tag="653">
<subfield code="a">Muralla</subfield>
</datafield>
<datafield ind1=" " ind2=" " tag="653">
<subfield code="a">Santa Águeda</subfield>
</datafield>
<datafield ind1=" " ind2=" " tag="653">
<subfield code="a">Excavación arqueológica</subfield>
</datafield>
<datafield ind1=" " ind2=" " tag="653">
<subfield code="a">Channel of Cerrajería</subfield>
</datafield>
<datafield ind1=" " ind2=" " tag="653">
<subfield code="a">Late Middle Age</subfield>
</datafield>
<datafield ind1=" " ind2=" " tag="653">
<subfield code="a">City wall</subfield>
</datafield>
<datafield ind1=" " ind2=" " tag="653">
<subfield code="a">Saint Águeda</subfield>
</datafield>
<datafield ind1=" " ind2=" " tag="653">
<subfield code="a">Archaeological excavation</subfield>
</datafield>
<datafield tag="245" ind1="0" ind2="0">
<subfield code="a">El nuevo archivo diocesano de Burgos y su contexto urbano desde una perspectiva arqueológica</subfield>
</datafield>
</record></metadata></record></GetRecord></OAI-PMH>